000 00851cam a2200265 a 4500
001 000019091
005 20200929165922.0
008 720327s1960 ec 000 0 spa d
035 _a(DLC) 63027055
035 _a(OCoLC)270873
040 _aDO-SdBNP
_cOAU
_dDLC
_dBNPHU
042 _apremarc
082 _aE863.5
_bA553p
100 1 _aAndrade, Roberto,
_d1851-1938.
_941081
245 1 0 _aPacho Villamar /
_cRoberto Andrade ; introducción de Hernán Rodríguez Castelo.
260 _aQuito :
_bCasa de la Cultura Ecuatoriana,
_c1960.
300 _a144 p. ;
_c18 cm.
490 1 _aClasicos Ariel
_v54
650 4 _aNovela ecuatoriana
_95017
650 4 _aLiteratura ecuatoriana
_93938
700 1 _aRodríguez Castelo, Hernán
_eintrod.
_94689
830 0 _aClasicos Ariel ;
_v54
_93125
910 _aCatalogación derivada / LC
049 _aBNGR
999 _c18609
_d18609